000 00476 a2200181 4500
999 _c534371
_d534371
003 NUST
005 20200218105918.0
008 200218b ||||| |||| 00| 0 eng d
020 _a9695190804
038 _aMSOHAIL
082 _a291.2
100 _aGuenon,Rene
_928508
245 _aThe Reign of Quantity and the Signs of the Times
_cRene Guenon
260 _aLahore
_bSuhail Academy
_cc1999
300 _a363p
500 _aHard cover
942 _aNBS
_cBK
_k291.2 GUE
_2ddc